00413nam a2200121 i 4500001000300000100002200003245009000025260002100115040000800136041000800144008004100152856009800193bg1 aŻYŁKA, Romuald 0aGeological Dictionary Englisch- Polisch- Russian- French- German /cRomuald Żyłka. aWarszawa,c1970. cBPK apol s pl f |000 0 pol  uhttp://koha.tu.koszalin.pl/cgi-bin/koha/opac-detail.pl?biblionumber=26182yKatalog online BPK